Southville International School and Colleges
Your cart is empty.
  • Cart
  • Lists
    Public lists list_1 View all
    Your lists Log in to create your own lists
  • Log in to your account
  • Your cookies
  • Search history
Southville International School and Colleges
  • Advanced search
  • Recent comments
  • Most popular
  • Libraries

Log in to your account

Log in with GOOGLE


If you do not have an external account, but do have a local account, you can still log in:

  1. Home
  2. MARC view: Palace concerned over possible entry of nuclear warheads in West Philippine Sea/
Normal view MARC view ISBD view

Palace concerned over possible entry of nuclear warheads in West Philippine Sea/ (Record no. 361992)

[ view plain ]
MARC details
000 -LEADER
fixed length control field 00483nam a2200169Ia 4500
008 - FIXED-LENGTH DATA ELEMENTS--GENERAL INFORMATION
fixed length control field 190717s9999 xx 000 0 und d
100 ## - MAIN ENTRY--PERSONAL NAME
Personal name Geducos, Argyll Cyrus
245 ## - TITLE STATEMENT
Title Palace concerned over possible entry of nuclear warheads in West Philippine Sea/
245 ## - TITLE STATEMENT
Statement of responsibility, etc Argyll Cyrus Geducos
260 ## - PUBLICATION, DISTRIBUTION, ETC. (IMPRINT)
Name of publisher, distributor, etc Manila Bulletin
260 ## - PUBLICATION, DISTRIBUTION, ETC. (IMPRINT)
Date of publication, distribution, etc 2018
300 ## - PHYSICAL DESCRIPTION
Extent August 24
440 ## - SERIES STATEMENT/ADDED ENTRY--TITLE
Title Manila Bulletin
650 ## - SUBJECT ADDED ENTRY--TOPICAL TERM
Topical term or geographic name as entry element Military
650 ## - SUBJECT ADDED ENTRY--TOPICAL TERM
Topical term or geographic name as entry element Philippines
650 ## - SUBJECT ADDED ENTRY--TOPICAL TERM
Topical term or geographic name as entry element West Philippines sea
Holdings
Withdrawn status Lost status Damaged status Home library Current library Date acquired Total Checkouts Date last seen Price effective from Koha item type
      Luxembourg Library Luxembourg Library 07/17/2019   07/17/2019 07/17/2019 Periodicals

Palace concerned over possible entry of nuclear warheads in West Philippine Sea/

APA

Geducos A. C., .Palace concerned over possible entry of nuclear warheads in West Philippine Sea. : Manila Bulletin.

Chicago

Geducos Argyll Cyrus, .Palace concerned over possible entry of nuclear warheads in West Philippine Sea. : Manila Bulletin.

Harvard

Geducos A. C., .Palace concerned over possible entry of nuclear warheads in West Philippine Sea. : Manila Bulletin.

MLA

Geducos Argyll Cyrus, .: Manila Bulletin. .

  • Place hold
  • Print
  • Cite
  • Add to your cart (remove)
  • Save record
    BIBTEX Dublin Core MARCXML MARC (non-Unicode/MARC-8) MARC (Unicode/UTF-8) MARC (Unicode/UTF-8, Standard) MODS (XML) RIS
  • More searches
    Search for this title in:
    Other Libraries (WorldCat) Other Databases (Google Scholar) Online Stores (Bookfinder.com) Open Library (openlibrary.org)

Exporting to Dublin Core...

SOUTHVILLE LIBRARY

Southville International School and Colleges Library

1281 Tropical Ave. Cor. Luxembourg St., BF Homes International, Las Pinas City

Tel. No. 8256374 / 252358 Loc. 117/146

Powered by Koha